000 00556nam a22002177a 4500
003 UA-OsUOA
001 120352
007 ta
008 20161226b un ||||| |||| 00| 0 ukr d
100 _aМазур В.Л.
090 _a330(477)
_bМ13
942 _cSA
040 _aUA-OsUOA
_bukr
_cUA-OsUOA
_dUA-OsUOA
245 _aПроблеми промислової політики в Україні
300 _aС.3-19
955 _a0
041 _aukr
080 _a330(477)
773 0 _w120351
650 7 _a330 Економіка взагалі
_2UDC
999 _c406692
_d406692